[Event "15th LCC Super Rapid 2025"]
[Site "London ENG"]
[Date "2025.12.06"]
[Round "3.60"]
[White "Pereslavtsev, Alexandr"]
[Black "Hng, Mei-En Emmanuelle"]
[Result "1-0"]
[BlackTitle "WFM"]
[WhiteElo "2044"]
[BlackElo "2125"]
[WhiteFideId "343401449"]
[BlackFideId "5804566"]
[EventDate "2025.12.06"]

1. d4 Nf6 2. c4 e6 3. Nf3 c5 4. d5 exd5 5. cxd5 d6 6. Nc3 g6 7. Nd2 Nbd7 8. e4
Bg7 9. Bd3 O-O 10. O-O Re8 11. Nc4 Nb6 12. Ne3 c4 13. Bc2 Bd7 14. f4 Rc8 15. Qf3
Qe7 16. Bd2 Na8 17. a4 a6 18. a5 Bb5 19. Rae1 Nd7 20. Nxb5 axb5 21. Bc3 f6 22.
Ng4 Rf8 23. Qg3 Nc7 24. h4 Na6 25. h5 b4 26. Bd4 b3 27. Bb1 f5 28. Bxg7 Qxg7 29.
exf5 gxf5 30. Bxf5 Kh8 31. Be6 Nac5 32. h6 Qd4+ 33. Kh1 Rcd8 34. Ne5 Nxe6 35.
dxe6 1-0

[Event "15th LCC Super Rapid 2025"]
[Site "London ENG"]
[Date "2025.12.06"]
[Round "3.62"]
[White "Morea, Georgiana-Steluta"]
[Black "Cann, Arthur"]
[Result "0-1"]
[WhiteElo "1920"]
[BlackElo "1734"]
[WhiteFideId "1204319"]
[BlackFideId "343419550"]
[EventDate "2025.12.06"]

1. c4 e6 2. d4 d5 3. Nc3 c6 4. cxd5 exd5 5. Nf3 Bd6 6. Bg5 Nf6 7. e3 Bg4 8. Be2
Nbd7 9. h3 Bh5 10. O-O O-O 11. a3 a5 12. Rc1 h6 13. Bxf6 Nxf6 14. Ne5 Bxe2 15.
Qxe2 Re8 16. f4 Nd7 17. Qg4 Bxe5 18. fxe5 Re6 19. Rf2 Qg5 20. Qf3 Rf8 21. Re1 f6
22. exf6 Rfxf6 23. Qe2 Rxf2 24. Qxf2 Nf6 25. b4 axb4 26. axb4 Qg6 27. Qd2 Qg3
28. Qf2 Qd6 29. Rb1 Nh5 30. b5 c5 31. Qf5 Ng3 32. Qxd5 Ne2+ 33. Kf2 Nxc3 34.
Qxd6 Rxd6 35. Rc1 cxd4 36. exd4 Nxb5 37. Rc8+ Kf7 38. Ke3 Rxd4 39. Rc5 Rb4 40.
g4 Ke6 41. g5 Nd6 42. gxh6 Nf5+ 43. Kf3 gxh6 44. Rc8 b5 45. Rb8 Rb3+ 46. Kg4 b4
47. Rb6+ Nd6 48. h4 Kd5 49. Kh5 Kc5 50. Rb8 Rh3 51. Kg4 Rh1 52. Kh5 Kc4 53. Rb6
Nf5 54. Kg4 Rxh4+ 55. Kxf5 b3 56. Ke5 Kc3 57. Kd5 Rd4+ 58. Kc5 Rc4+ 59. Kd5 h5
60. Rb8 h4 61. Rb7 h3 62. Rh7 Rd4+ 63. Kc5 Rd3 0-1

[Event "15th LCC Super Rapid 2025"]
[Site "London ENG"]
[Date "2025.12.06"]
[Round "3.65"]
[White "Eames, Robert S"]
[Black "Lesniowski, Paul"]
[Result "1-0"]
[WhiteTitle "FM"]
[WhiteElo "2110"]
[BlackElo "1876"]
[WhiteFideId "408743"]
[BlackFideId "343409598"]
[EventDate "2025.12.06"]

1. e4 c5 2. Nf3 e6 3. d4 cxd4 4. Nxd4 Nc6 5. Nc3 Qc7 6. Be3 a6 7. Qd2 Nf6 8.
O-O-O Bb4 9. f3 O-O 10. g4 Nxd4 11. Bxd4 e5 12. Be3 b5 13. g5 Nh5 14. Kb1 Bxc3
15. Qxc3 Qxc3 16. bxc3 Rb8 17. Bh3 d5 18. Bg4 Bxg4 19. fxg4 Nf4 20. Bxf4 exf4
21. exd5 Rfe8 22. Rhf1 Re4 23. Rd4 Rxd4 24. cxd4 Rd8 25. Rxf4 Rxd5 26. h4 Kf8
27. Re4 a5 28. c3 f6 29. gxf6 gxf6 30. Kc2 Kf7 31. Kd3 Kg6 32. c4 bxc4+ 33. Kxc4
Rd7 34. Re6 h5 35. g5 Kf5 36. Rxf6+ Kg4 37. g6 Rg7 38. d5 Kxh4 39. d6 Kg5 40.
Re6 h4 41. Kd5 h3 42. Re1 Kxg6 43. Ke6 Ra7 44. d7 Ra6+ 45. Ke7 Ra7 46. Ke8 Kg7 1-0

[Event "15th LCC Super Rapid 2025"]
[Site "London ENG"]
[Date "2025.12.06"]
[Round "3.66"]
[White "Sherwood, Gabriel"]
[Black "Willmoth, Robert F"]
[Result "0-1"]
[BlackTitle "CM"]
[WhiteElo "1851"]
[BlackElo "2130"]
[WhiteFideId "343454313"]
[BlackFideId "402540"]
[EventDate "2025.12.06"]

1. e4 d6 2. d4 g6 3. Nc3 Bg7 4. Be3 a6 5. Qd2 Nd7 6. Nf3 b5 7. Bd3 Bb7 8. O-O
Ngf6 9. e5 Ng4 10. e6 fxe6 11. Ng5 Nf8 12. Rae1 Qd7 13. h3 Nxe3 14. fxe3 h6 15.
Nf3 g5 16. Ne2 c5 17. c3 Bf6 18. e4 e5 19. Ng3 Ne6 20. d5 Nf4 21. Nf5 Kf7 22.
Nh2 h5 23. Rxf4 gxf4 24. Be2 Rag8 25. Qd1 h4 26. Bh5+ Kf8 27. Bg4 Qc7 28. Qf3 c4
29. Kh1 Bc8 30. a4 bxa4 31. Ra1 Bd7 32. Bh5 Qb6 33. Ng4 Qxb2 34. Rf1 Bxf5 35.
exf5 a3 36. Rf2 Qb1+ 37. Rf1 a2 38. Nxf6 exf6 39. Bg6 0-1

[Event "15th LCC Super Rapid 2025"]
[Site "London ENG"]
[Date "2025.12.06"]
[Round "3.67"]
[White "Batchelor, Mark"]
[Black "Mittal, Aditya"]
[Result "1-0"]
[WhiteElo "1814"]
[BlackElo "1975"]
[WhiteFideId "343452213"]
[BlackFideId "499250"]
[EventDate "2025.12.06"]

1. d4 Nf6 2. c4 e6 3. Nf3 d5 4. Nc3 c5 5. cxd5 Nxd5 6. e4 Nxc3 7. bxc3 cxd4 8.
cxd4 Bb4+ 9. Bd2 Bxd2+ 10. Qxd2 O-O 11. Bd3 Nc6 12. e5 h6 13. O-O Ne7 14. Qf4
Rb8 15. Qe4 Ng6 16. Qg4 Ne7 17. Nd2 Bd7 18. Ne4 Nf5 19. Rad1 Bc6 20. Nf6+ Kh8
21. Nh5 Qg5 22. Bxf5 exf5 23. Qxg5 hxg5 24. f4 Bd5 25. fxg5 Bxa2 26. Ra1 Bd5 27.
Rxa7 Rfd8 28. Nf4 Bc4 29. Rd1 b5 30. Rc7 Bb3 31. Rd3 Bc4 32. Rd2 Rdc8 33. Rxc8+
Rxc8 34. d5 b4 35. Kf2 Re8 36. d6 Bb5 37. g6 fxg6 38. e6 g5 39. d7 Rd8 40. Ng6+
Kh7 41. Ne5 b3 42. e7 Rxd7 43. Nxd7 b2 44. Rxb2 Bxd7 45. Rb8 1-0

[Event "15th LCC Super Rapid 2025"]
[Site "London ENG"]
[Date "2025.12.06"]
[Round "3.68"]
[White "Anjulan, Ashwin"]
[Black "Van Pel, Gerben"]
[Result "0-1"]
[WhiteElo "1876"]
[BlackElo "1979"]
[WhiteFideId "343411622"]
[BlackFideId "1068423"]
[EventDate "2025.12.06"]

1. e4 c5 2. Nc3 d6 3. f4 g6 4. Nf3 Bg7 5. Bc4 e6 6. O-O Ne7 7. d4 cxd4 8. Nb5 d5
9. exd5 exd5 10. Bb3 Nbc6 11. Nbxd4 Bg4 12. Nxc6 bxc6 13. Qe1 O-O 14. Ne5 Bf5
15. Bd2 c5 16. Ba5 Qc8 17. Rd1 Be4 18. c4 Bxe5 19. fxe5 Qg4 20. Qf2 d4 21. h3
Qg5 22. Bd2 Qh5 23. Bf4 Nf5 24. Rde1 Bc6 25. Bd1 Qh4 26. Qxh4 Nxh4 27. Bf3 Nxf3+
28. gxf3 Rab8 29. Rf2 Rbe8 30. Kf1 Re6 31. Bg5 Bd7 32. Bf6 Rfe8 33. f4 Rxf6 34.
exf6 Bxh3+ 35. Kg1 Rxe1+ 36. Kh2 Be6 37. b3 d3 38. Rd2 Re2+ 0-1

[Event "15th LCC Super Rapid 2025"]
[Site "London ENG"]
[Date "2025.12.06"]
[Round "4.1"]
[White "Pranav, Anand"]
[Black "Firouzja, Alireza"]
[Result "1/2-1/2"]
[WhiteTitle "GM"]
[BlackTitle "GM"]
[WhiteElo "2581"]
[BlackElo "2762"]
[WhiteFideId "46626786"]
[BlackFideId "12573981"]
[EventDate "2025.12.06"]

1. e4 c5 2. Nf3 d6 3. d4 cxd4 4. Nxd4 Nf6 5. Nc3 a6 6. Bd3 g6 7. f3 Qb6 8. a3
Nc6 9. Be3 e5 10. Nf5 Qd8 11. Ng3 Be6 12. Qd2 Bg7 13. h4 h5 14. Bg5 Qb6 15.
O-O-O Rc8 16. Kb1 Ne7 17. Nge2 d5 18. exd5 Nexd5 19. Nxd5 Nxd5 20. Be4 Nf6 21.
Nc3 Nxe4 22. Nxe4 O-O 23. Be7 Rfe8 24. Bf6 Bf5 25. Bxg7 Kxg7 26. Rhe1 Rc6 27.
Qe3 Qc7 28. Rd2 Rc8 29. Nc3 Rc5 30. Ree2 Qc6 31. Ne4 Bxe4 32. Qxe4 Qb5 33. Re1
R8c7 34. g3 a5 35. f4 exf4 36. Qd4+ Kh7 37. Qxf4 Rd7 1/2-1/2

[Event "15th LCC Super Rapid 2025"]
[Site "London ENG"]
[Date "2025.12.06"]
[Round "4.2"]
[White "Abdusattorov, Nodirbek"]
[Black "Roebers, Eline"]
[Result "1-0"]
[WhiteTitle "GM"]
[BlackTitle "IM"]
[WhiteElo "2750"]
[BlackElo "2392"]
[WhiteFideId "14204118"]
[BlackFideId "1058401"]
[EventDate "2025.12.06"]

1. d4 d6 2. Nf3 Nf6 3. c4 g6 4. e3 Bg7 5. Be2 O-O 6. O-O b6 7. Nc3 Bb7 8. Qc2
Nbd7 9. e4 e5 10. d5 a5 11. Rb1 Nc5 12. b3 Bc8 13. Nd2 Bd7 14. a3 Bh6 15. b4
axb4 16. axb4 Na4 17. Nb5 Ra6 18. Nb3 Bxc1 19. Rfxc1 Qb8 20. Ra1 c6 21. dxc6
Bxc6 22. Nd2 Rc8 23. Qd1 Kg7 24. Rxa4 Bxb5 25. cxb5 Rxc1 26. bxa6 Rxd1+ 27. Bxd1
Qa7 28. b5 d5 29. Be2 dxe4 30. Nxe4 Nd5 31. Bf1 f5 32. Nd6 Qd7 33. a7 Nc7 34.
Nc4 Qxb5 35. a8=Q Nxa8 36. Rxa8 Qc5 37. Re8 e4 38. Re5 Qd4 39. g3 Kh6 40. Rb5 f4
41. gxf4 Qf6 42. Rxb6 Qxf4 43. Ne3 Kg7 44. Rb7+ Kg8 45. Bg2 h5 46. Re7 g5 47. h3
Qd6 48. Rxe4 Kf7 49. Bf3 Kg6 50. Kg2 Qf6 51. Rc4 Qf7 52. Rc5 g4 53. hxg4 hxg4
54. Nxg4 Qf4 55. Ne5+ Kf6 56. Ng4+ Kg6 57. Ne3 Kg7 58. Rc4 Qe5 59. Rg4+ Kf6 60.
Be4 Qd4 61. Kf3 Qd2 62. Rg6+ Kf7 63. Rc6 Qe1 64. Bd5+ Ke7 65. Re6+ Kd7 66. Kg2
Qd2 67. Re4 Qc3 68. f4 Qg7+ 69. Kf3 Qg1 70. Re5 Qh1+ 71. Kg4 Qh2 72. Kg5 Qh7 73.
Be4 Qg8+ 74. Bg6 Qd8+ 75. Kg4 Qg8 76. f5 Qa2 77. f6 Qe2+ 78. Kg5 Qh2 79. Re7+
Kd8 80. Re8+ Kd7 81. f7 Qg1+ 82. Kh6 Qh2+ 83. Kg7 Qb2+ 84. Kg8 Qf6 85. Bf5+ 1-0

[Event "15th LCC Super Rapid 2025"]
[Site "London ENG"]
[Date "2025.12.06"]
[Round "4.3"]
[White "Aizenberg, Benny"]
[Black "Dominguez Perez, Leinier"]
[Result "0-1"]
[WhiteTitle "IM"]
[BlackTitle "GM"]
[WhiteElo "2444"]
[BlackElo "2738"]
[WhiteFideId "2821125"]
[BlackFideId "3503240"]
[EventDate "2025.12.06"]

1. e4 e5 2. Nf3 Nc6 3. Bb5 a6 4. Ba4 Nf6 5. O-O Be7 6. Re1 b5 7. Bb3 O-O 8. h3
Bb7 9. d3 d6 10. a3 Re8 11. Nc3 Nd4 12. Nxd4 exd4 13. Ne2 c5 14. Ng3 Bf8 15. c3
dxc3 16. bxc3 g6 17. a4 Bg7 18. axb5 axb5 19. Rxa8 Qxa8 20. Bf4 Qa6 21. Qd2 Qa3
22. Rb1 d5 23. Bh6 Bxh6 24. Qxh6 c4 25. dxc4 dxc4 26. Bxc4 bxc4 27. Rxb7 Qxc3
28. Qf4 Qa1+ 29. Kh2 Qe5 30. Qxe5 Rxe5 31. Rc7 Nxe4 32. Nxe4 Rxe4 33. Kg3 h5 34.
f4 Rd4 35. Kf3 Rd3+ 36. Ke4 Rc3 37. f5 Kg7 38. Kf4 Rc1 39. g4 hxg4 40. hxg4 c3
41. Kg5 gxf5 42. Kxf5 c2 43. Kg5 Kf8 44. Rc3 Ke7 45. Rc7+ Kd6 46. Rc8 f5 47.
Kxf5 Rf1+ 48. Kg6 c1=Q 49. Rxc1 Rxc1 50. g5 Ke6 51. Kh7 Rg1 52. g6 Kf6 0-1

[Event "15th LCC Super Rapid 2025"]
[Site "London ENG"]
[Date "2025.12.06"]
[Round "4.4"]
[White "Tulchynskyi, Feliks"]
[Black "Shankland, Sam"]
[Result "0-1"]
[WhiteTitle "IM"]
[BlackTitle "GM"]
[WhiteElo "2409"]
[BlackElo "2649"]
[WhiteFideId "34127895"]
[BlackFideId "2004887"]
[EventDate "2025.12.06"]

1. e4 c5 2. c3 d5 3. exd5 Qxd5 4. d4 Nf6 5. Nf3 e6 6. Bd3 Be7 7. O-O O-O 8. c4
Qd6 9. dxc5 Qxc5 10. Qe2 Nbd7 11. Nc3 b6 12. Ne4 Qc7 13. b3 Bb7 14. Bb2 h6 15.
Rad1 Nh5 16. g3 Rad8 17. Nd4 Nhf6 18. Bb1 a6 19. Rfe1 Nc5 20. Nd2 Rfe8 21. a3
Bf8 22. b4 Ncd7 23. N4f3 Ba8 24. Ne4 Qb7 25. Kg2 Nh7 26. h4 Ndf6 27. Rxd8 Rxd8
28. Nxf6+ Nxf6 29. Bxf6 gxf6 30. Be4 Qxe4 31. Qxe4 Bxe4 32. Rxe4 a5 33. c5 axb4
34. axb4 bxc5 35. Rg4+ Kh7 36. bxc5 Bxc5 37. Rf4 f5 38. Rc4 Rd5 39. Rc2 Kg6 40.
Ra2 Kf6 41. Rd2 Rxd2 42. Nxd2 e5 43. Kf3 Ke6 44. Ke2 Kd5 45. Nf3 Bb4 46. Ng1 e4
47. Nh3 Bd6 48. Ke3 Ke6 49. Kd4 Bb8 50. Ke3 Kf6 51. Ng1 Ba7+ 52. Ke2 f4 53. Nh3
f3+ 54. Ke1 Bb8 55. g4 Kg6 56. h5+ Kf6 57. Kd2 Ba7 58. Ke1 Bd4 59. Kf1 Ke5 60.
g5 Kf5 61. gxh6 Kg4 62. Ng1 Bc3 63. h7 Kxh5 64. Nh3 Kg4 65. Ng1 f5 66. h8=N Bxh8
67. Ke1 Be5 68. Kf1 Bh2 0-1

[Event "15th LCC Super Rapid 2025"]
[Site "London ENG"]
[Date "2025.12.06"]
[Round "4.5"]
[White "Adams, Michael"]
[Black "Bulmaga, Irina"]
[Result "1-0"]
[WhiteTitle "GM"]
[BlackTitle "IM"]
[WhiteElo "2635"]
[BlackElo "2386"]
[WhiteFideId "400041"]
[BlackFideId "13903063"]
[EventDate "2025.12.06"]

1. e4 e5 2. Nf3 Nc6 3. Bb5 Nf6 4. d3 d6 5. O-O Bd7 6. c4 g6 7. h3 Bg7 8. Nc3 h6
9. Be3 O-O 10. Rc1 a6 11. Ba4 Rc8 12. Re1 Ne7 13. d4 Bxa4 14. Qxa4 exd4 15. Nxd4
c5 16. Nf3 g5 17. Rcd1 Qc7 18. Qc2 Ng6 19. b3 Rfe8 20. Nh2 Qc6 21. f3 b5 22. Ng4
Nxg4 23. hxg4 Bxc3 24. Qxc3 Ne5 25. Rd5 bxc4 26. bxc4 f6 27. Red1 Re6 28. Bf2
Rb8 29. Bg3 Rb4 30. Bxe5 fxe5 31. R1d2 Kf7 32. Rb2 Re7 33. Rxb4 cxb4 34. Qxb4
Ke6 35. c5 dxc5 36. Rxc5 Qd6 37. Qc4+ 1-0

[Event "15th LCC Super Rapid 2025"]
[Site "London ENG"]
[Date "2025.12.06"]
[Round "4.6"]
[White "Bazakutsa, Svyatoslav"]
[Black "Maroroa Jones, Gawain C B"]
[Result "1-0"]
[WhiteTitle "IM"]
[BlackTitle "GM"]
[WhiteElo "2478"]
[BlackElo "2655"]
[WhiteFideId "14198525"]
[BlackFideId "409561"]
[EventDate "2025.12.06"]

1. c4 g6 2. e4 Bg7 3. d4 d6 4. Nc3 Nd7 5. Be3 e5 6. d5 h5 7. h4 Bh6 8. Bxh6 Nxh6
9. Qd2 a5 10. Bd3 Nc5 11. Bc2 a4 12. Nge2 Bd7 13. f3 Kf8 14. Rb1 Kg7 15. b4 axb3
16. axb3 Qe7 17. g3 Rhf8 18. b4 Na6 19. Kf2 c5 20. dxc6 bxc6 21. Rhd1 Qf6 22.
Ng1 Be6 23. b5 cxb5 24. cxb5 Nc5 25. Ke1 Ra3 26. b6 Bc4 27. Rb4 Ba6 28. Nd5 Rxf3
29. Nxf3 Qxf3 30. Qf2 Qa3 31. Qe3 Qxe3+ 32. Nxe3 Rd8 33. Nc4 Ng4 34. Rxd6 Rc8
35. Kd2 Nf6 36. Na5 Nb7 37. Nxb7 Bxb7 38. Ra4 Ne8 39. Rd3 Rc6 40. Rb4 Nd6 41.
Bb3 g5 42. Bd5 Rc8 43. Bxb7 Nxb7 44. hxg5 Ra8 45. Rc3 Rd8+ 46. Ke3 Kg6 47. Rc7
Rb8 48. Rb1 Kxg5 49. Rxf7 Nd6 50. Rc7 Ra8 51. b7 Ra3+ 52. Ke2 Nxb7 53. Rcxb7 1-0

[Event "15th LCC Super Rapid 2025"]
[Site "London ENG"]
[Date "2025.12.06"]
[Round "4.7"]
[White "Vitiugov, Nikita"]
[Black "Stefanova, Antoaneta"]
[Result "1-0"]
[WhiteTitle "GM"]
[BlackTitle "GM"]
[WhiteElo "2657"]
[BlackElo "2391"]
[WhiteFideId "4152956"]
[BlackFideId "2902257"]
[EventDate "2025.12.06"]

1. e4 e5 2. Nf3 Nc6 3. Bc4 Nf6 4. d3 h6 5. c3 d6 6. a4 g6 7. O-O Bg7 8. Re1 O-O
9. Nbd2 a6 10. Nf1 Re8 11. a5 Be6 12. Bxe6 Rxe6 13. c4 Nd7 14. Ne3 Nc5 15. Nd5
Re8 16. b4 Ne6 17. Bd2 Ncd4 18. Nxd4 Nxd4 19. Be3 Ne6 20. b5 f5 21. exf5 gxf5
22. Qh5 f4 23. Bd2 c6 24. Nb6 Rb8 25. Rab1 Qc7 26. bxa6 bxa6 27. Bc3 Rf8 28. Qg4
Rbe8 29. h4 Kh8 30. Na4 Rg8 31. Qf3 Bf6 32. Rb6 Rc8 33. Reb1 Rg7 34. Qh5 Rf8 35.
Rb7 Qxb7 36. Rxb7 Rxb7 37. c5 Nxc5 38. Nxc5 dxc5 39. Bxe5 Bxe5 40. Qxe5+ Kg8 41.
Qe6+ Kg7 42. Qxc6 Rb1+ 43. Kh2 f3 44. Qxa6 fxg2 45. Kxg2 Rf7 46. Qd6 Rc1 47. h5
Rc2 48. Qg6+ Kf8 49. Qxh6+ Kg8 50. Qe3 Rf6 51. Qe8+ Rf8 52. Qe6+ Kh8 53. Qe3 Kh7
54. a6 Rg8+ 55. Kf1 Ra2 56. Qe4+ Kh8 57. Qc6 Ra1+ 58. Ke2 Ra2+ 59. Ke3 Rg7 60.
Qh6+ 1-0

[Event "15th LCC Super Rapid 2025"]
[Site "London ENG"]
[Date "2025.12.06"]
[Round "4.8"]
[White "Eljanov, Pavel"]
[Black "Balaji, Aaravamudhan"]
[Result "1-0"]
[WhiteTitle "GM"]
[BlackTitle "IM"]
[WhiteElo "2656"]
[BlackElo "2305"]
[WhiteFideId "14102951"]
[BlackFideId "436224"]
[EventDate "2025.12.06"]

1. d4 d5 2. Nf3 Nf6 3. Bf4 c5 4. e3 Nc6 5. Nbd2 Bg4 6. c3 cxd4 7. exd4 e6 8. Qb3
Qc8 9. h3 Bf5 10. g4 Bg6 11. Nh4 Be7 12. Nxg6 hxg6 13. Be2 Qd7 14. O-O-O a6 15.
Kb1 b5 16. h4 Na5 17. Qc2 Nc4 18. h5 gxh5 19. gxh5 Bd6 20. Be3 Qc7 21. Rdg1 Kf8
22. h6 gxh6 23. Rxh6 Nxe3 24. Rxh8+ Ke7 25. fxe3 Rxh8 26. e4 Bh2 27. Rf1 Qg3 28.
e5 Ng4 29. Bxg4 Qxg4 30. Nb3 Bg3 31. Nc5 Rh2 32. Qd3 Bf4 33. Qf3 Qg6+ 34. Ka1
Bd2 35. Nxa6 Rh4 36. Qe2 Qc2 37. Nb4 Qf5 38. Rxf5 1-0

[Event "15th LCC Super Rapid 2025"]
[Site "London ENG"]
[Date "2025.12.06"]
[Round "4.9"]
[White "Haydon, David L"]
[Black "Theodorou, Nikolas"]
[Result "1/2-1/2"]
[WhiteTitle "FM"]
[BlackTitle "GM"]
[WhiteElo "2284"]
[BlackElo "2656"]
[WhiteFideId "415405"]
[BlackFideId "4262875"]
[EventDate "2025.12.06"]

1. d4 Nf6 2. c4 b6 3. Nc3 Bb7 4. Qc2 Nc6 5. Nf3 Nb4 6. Qb3 Bxf3 7. gxf3 Nc6 8.
e3 g6 9. f4 Bg7 10. Bd2 e6 11. Bg2 Na5 12. Qa4 c6 13. Ne2 O-O 14. Bxa5 bxa5 15.
O-O Rb8 16. Qc2 c5 17. Rad1 cxd4 18. Nxd4 Qc7 19. b3 Rfc8 20. Qe2 a6 21. Rd3 a4
22. Rfd1 Qc5 23. Nf3 Rb6 24. Nd2 a3 25. Nb1 Qb4 26. Nc3 d5 27. Na4 Rbc6 28. cxd5
Rc2 29. R3d2 Rxd2 30. Rxd2 exd5 31. Bf3 h6 32. Kg2 g5 33. fxg5 hxg5 34. h3 Re8
35. Qd1 Re5 36. Rd4 Qa5 37. b4 Qc7 38. Nc5 a5 39. Nd3 Rf5 40. bxa5 Qxa5 41. Nb4
Qc5 42. Nxd5 Nxd5 43. Rxd5 Rxd5 44. Bxd5 Bf6 45. Qf3 Kg7 46. Bb3 Qb5 47. Bd5 Qd3
48. Qe4 Qxe4+ 49. Bxe4 Bc3 50. Kf3 f6 51. Ke2 Be5 52. Bf5 Bd6 53. Kd3 Bc7 54.
Ke4 Bd6 55. Kf3 Bb4 56. Ke2 Bd6 57. f3 Bc7 58. Kd3 Bd6 59. Ke4 Bc7 60. f4 gxf4
61. exf4 Bd6 62. Kf3 Bb4 63. h4 Be1 64. h5 Bc3 65. Ke4 1/2-1/2

[Event "15th LCC Super Rapid 2025"]
[Site "London ENG"]
[Date "2025.12.06"]
[Round "4.10"]
[White "Tica, Sven"]
[Black "Jankovic, Alojzije"]
[Result "1/2-1/2"]
[WhiteTitle "IM"]
[BlackTitle "GM"]
[WhiteElo "2441"]
[BlackElo "2558"]
[WhiteFideId "14526948"]
[BlackFideId "14505959"]
[EventDate "2025.12.06"]

1. d4 Nf6 2. Nf3 g6 3. Nbd2 Bg7 4. e4 d6 5. Bb5+ c6 6. Bd3 O-O 7. O-O a5 8. a4
Qc7 9. h3 Na6 10. c3 e5 11. Re1 exd4 12. cxd4 Nb4 13. Bb1 Re8 14. Nf1 d5 15. e5
Ne4 16. N1d2 f5 17. exf6 Nxf6 18. Rxe8+ Nxe8 19. Ne5 Nd6 20. Ndf3 Bf5 21. Bxf5
Nxf5 22. Bf4 Qe7 23. Qd2 Nd6 24. Re1 Ne4 25. Qd1 Rf8 26. Bh2 Bh6 27. Ng4 Bg7 28.
Be5 h5 29. Bxg7 Qxg7 30. Nge5 g5 31. Nd2 Nxf2 32. Qxh5 Nc2 33. Rf1 Nxd4 34. Nd7
Nxh3+ 35. Qxh3 Ne2+ 36. Kh1 Rxf1+ 37. Nxf1 g4 38. Nf6+ Kf7 39. Nxg4 Qxb2 40.
Qh7+ Ke6 41. Qg6+ Ke7 42. Nh6 Kd7 43. Nf5 Qh8+ 44. Qh6 Qxh6+ 45. Nxh6 c5 46. g4
b5 47. g5 Nf4 48. axb5 a4 49. Nd2 a3 50. Ng4 c4 51. Ne3 a2 52. Nc2 Kc7 53. Nf3
Ne6 54. g6 d4 55. g7 Nxg7 56. Nfxd4 Kb6 57. Kg2 Ne8 58. Kf3 Nd6 59. Ke3 Kc5 60.
Kd2 Ne4+ 61. Ke3 Nc3 62. Kd2 Na4 63. Ne2 Kxb5 64. Nc3+ Nxc3 65. Kxc3 Kc5 1/2-1/2

[Event "15th LCC Super Rapid 2025"]
[Site "London ENG"]
[Date "2025.12.06"]
[Round "4.11"]
[White "Ghasi, Ameet K"]
[Black "Willow, Jonah B"]
[Result "1-0"]
[WhiteTitle "GM"]
[BlackTitle "IM"]
[WhiteElo "2500"]
[BlackElo "2472"]
[WhiteFideId "409200"]
[BlackFideId "438804"]
[EventDate "2025.12.06"]

1. Nf3 Nf6 2. g3 c5 3. b3 d6 4. Bb2 e5 5. Bg2 Nc6 6. O-O g6 7. e3 Bg7 8. c4 O-O
9. Nc3 Re8 10. d3 Bf5 11. Ng5 a6 12. a3 Rb8 13. h3 h6 14. Nge4 Nxe4 15. dxe4 Be6
16. Qc2 b5 17. Nd5 Bxd5 18. cxd5 Ne7 19. h4 Nc8 20. Qe2 Nb6 21. a4 Qd7 22. a5
Nc8 23. h5 g5 24. Kh2 Na7 25. Bh3 Qb7 26. Bf5 b4 27. Rfc1 Nb5 28. Rc4 Qc7 29.
Qc2 Qd8 30. Qd3 Na7 31. Rcc1 Rb5 32. Bg4 Qc7 33. Be2 Qc8 34. Ra4 Rf8 35. g4 Re8
36. Qd1 Rb8 37. Qf1 Qd7 38. Bxa6 Qxg4 39. Qd1 Qxe4 40. Be2 f5 41. Rc4 1-0

[Event "15th LCC Super Rapid 2025"]
[Site "London ENG"]
[Date "2025.12.06"]
[Round "4.12"]
[White "Cancedda-Dupuis, Livio"]
[Black "Yuffa, Daniil"]
[Result "1-0"]
[BlackTitle "GM"]
[WhiteElo "2160"]
[BlackElo "2618"]
[WhiteFideId "499447"]
[BlackFideId "24131423"]
[EventDate "2025.12.06"]

1. e4 c6 2. d4 d5 3. Nc3 a6 4. exd5 cxd5 5. Nf3 Nc6 6. Be2 Bf5 7. O-O e6 8. Bf4
Nge7 9. h3 Ng6 10. Bg3 Bd6 11. Bxd6 Qxd6 12. Bd3 Bxd3 13. Qxd3 Nf4 14. Qd2 g5
15. Ne2 Rg8 16. Nxf4 gxf4 17. Rae1 Rc8 18. c3 Rc7 19. Kh1 Kd8 20. Qe2 Re7 21.
Ne5 f6 22. Nxc6+ Qxc6 23. Qh5 Qd6 24. Qh6 Rg6 25. Qf8+ Kd7 26. Rg1 Re8 27. Qf7+
Qe7 28. Qxe7+ Rxe7 29. f3 e5 30. Re2 Kd6 31. Rd1 Rd7 32. c4 dxc4 33. dxe5+ Kc6
34. Rc1 fxe5 35. Rxc4+ Kd6 36. Rc8 Re6 37. Rh8 Kc7 38. Rf8 Ree7 39. Kh2 a5 40.
Rf6 a4 41. Rc2+ Kb8 42. Rc4 Rd4 43. Rxd4 exd4 44. Rd6 Re2 45. Rxd4 Rxb2 46. Rxa4
b5 47. Ra5 Kb7 48. a4 b4 49. Rb5+ Ka6 50. h4 h5 51. Kh3 Rb3 52. Rxh5 Ra3 53. Rf5
Rxa4 54. Rxf4 Kb5 55. Re4 b3 56. Re1 Kc4 57. h5 b2 58. Rb1 Kc3 59. g4 Ra1 60.
Rxb2 Kxb2 61. g5 Kc3 62. Kg4 Kd4 63. Kf5 Ra5+ 64. Kf4 Kd5 65. Kf5 Kd6+ 66. Kf6
Kd7 67. h6 Ra6+ 68. Kf7 Kd6 69. h7 Ra7+ 70. Kg6 Ra8 71. Kg7 Ra7+ 72. Kh6 Ra8 73.
g6 1-0

[Event "15th LCC Super Rapid 2025"]
[Site "London ENG"]
[Date "2025.12.06"]
[Round "4.13"]
[White "Shetty, Atulya"]
[Black "Gurevich, Artjom"]
[Result "1-0"]
[WhiteTitle "IM"]
[WhiteElo "2455"]
[BlackElo "2163"]
[WhiteFideId "2031213"]
[BlackFideId "2603870"]
[EventDate "2025.12.06"]

1. c4 e6 2. g3 d5 3. Bg2 c5 4. Nf3 Nc6 5. O-O d4 6. e3 e5 7. exd4 exd4 8. Re1+
Be7 9. Ne5 Nxe5 10. Rxe5 Qc7 11. Qe1 Be6 12. d3 Bd6 13. Re2 Ne7 14. Na3 a6 15.
Nc2 O-O 16. b4 Bg4 17. bxc5 Bxc5 18. Bf4 Qd7 19. Re5 Rac8 20. Qd2 Rfd8 21. Rae1
f6 22. R5e4 Bf5 23. R4e2 Bg4 24. Re4 Bf5 25. R4e2 Bg4 26. f3 Bf5 27. g4 Bg6 28.
Bg3 f5 29. h3 Rf8 30. a3 a5 31. Kh1 Nc6 32. Rf1 Bd6 33. Bxd6 Qxd6 34. f4 fxg4
35. hxg4 Rce8 36. Ref2 Kh8 37. f5 Bf7 38. Rf4 Qe7 39. Qf2 Qg5 40. Nxd4 Ne5 41.
Qg3 Rd8 42. Ne6 Bxe6 43. fxe6 Rxf4 44. Qxf4 Qh4+ 45. Kg1 Ng6 46. Qe4 Qg3 47. d4
Qd6 48. d5 Kg8 49. Qe3 Rc8 50. Qf2 Rxc4 51. Qf7+ Kh8 52. Qe8+ 1-0

[Event "15th LCC Super Rapid 2025"]
[Site "London ENG"]
[Date "2025.12.06"]
[Round "4.14"]
[White "Vaidyanathan, Adithya"]
[Black "Iniyan, Pa"]
[Result "0-1"]
[BlackTitle "GM"]
[WhiteElo "2129"]
[BlackElo "2601"]
[WhiteFideId "495450"]
[BlackFideId "25002767"]
[EventDate "2025.12.06"]

1. d4 Nf6 2. c4 d6 3. Nf3 Nbd7 4. Nc3 e5 5. e4 g6 6. Be3 Bg7 7. h3 O-O 8. d5 Nh5
9. g3 a5 10. Be2 Nc5 11. Nd2 Nf6 12. g4 c6 13. f3 a4 14. h4 h5 15. Bg5 hxg4 16.
fxg4 Qa5 17. Bxf6 Bxf6 18. g5 Bd8 19. Qc2 a3 20. b3 Na6 21. Qd3 Nb4 22. Qb1 Bb6
23. Qc1 Bd4 24. Ndb1 cxd5 25. exd5 Bf5 26. Kd1 b5 27. Qd2 bxc4 28. Bxc4 Rfc8 29.
h5 gxh5 30. Qh2 Bg6 31. Rf1 Nc2 32. Qxc2 Bxc2+ 33. Kxc2 Rxc4 34. bxc4 Rb8 35.
Kd3 Rxb1 36. Raxb1 Qxc3+ 37. Ke4 Kg7 38. Rb3 Qc2+ 39. Kf3 Qxc4 40. Rd1 Qxd5+ 41.
Ke2 Qxb3 42. axb3 a2 43. Kd3 a1=Q 44. Rxa1 Bxa1 45. b4 d5 0-1